250 nguyên lý quản lý kinh doanh nhà hàng

Guardat en:
Dades bibliogràfiques
Autor principal: Duy Cao
Format: Llibre
Idioma:Undetermined
Publicat: Hải Phòng Hải Phòng 2003
Matèries:
Etiquetes: Afegir etiqueta
Sense etiquetes, Sigues el primer a etiquetar aquest registre!
Thư viện lưu trữ: Trung tâm Học liệu Trường Đại học Cần Thơ
LEADER 00537nam a2200181Ia 4500
001 CTU_56956
008 210402s9999 xx 000 0 und d
020 |b 45000 
082 |a 647.95068 
082 |b D523 
100 |a Duy Cao 
245 0 |a 250 nguyên lý quản lý kinh doanh nhà hàng 
245 0 |c Duy Cao; Mỹ Nga và Trình Lư Sanh biên dịch 
260 |a Hải Phòng 
260 |b Hải Phòng 
260 |c 2003 
650 |a restaurant management 
980 |a Trung tâm Học liệu Trường Đại học Cần Thơ